[Event "22nd Alekhine Master 2018"]
[Site "Voronezh"]
[Date "2018.06.16"]
[Round "5"]
[White "Gabrielian, Artur"]
[Black "Anikonov, Dmitry"]
[Result "1-0"]
[WhiteElo "2506"]
[BlackElo "2394"]
[Annotator "TA"]
[PlyCount "105"]
[EventDate "2018.06.21"]
[EventType "swiss"]
[EventCountry "RUS"]
[SourceTitle "playchess.com"]
[Source "ChessBase"]
[SourceQuality "1"]

{[%evp 15,105,14,14,20,12,-9,16,16,15,15,8,-10,-10,-8,-12,-13,-8,-8,-10,-14,-10,-10,-17,-29,-25,-15,138,124,168,24,24,24,27,33,45,16,132,137,293,293,1087,1080,774,999,1153,1127,29988,670,622,559,679,658,595,187,172,114,91,66,79,61,141,142,172,178,206,225,185,231,268,83,251,230,206,53,40,27,41,58,89,12,14,6,54,58,104,82,489,482,804,726,29988,29989]} 1. e4 e6 2. d4 d5 3. Nd2 Nc6 4. Ngf3 Nf6 5. e5 Nd7 6. Nb3 Be7 7. Bb5 a5 8. a4 Na7 9. Bd3 {C04: French Tarrasch: 3...Nc6} (9. Be2 b6 10. O-O c5 11. Bf4 Bb7 12. Qd2 h6 13. c3 Qc8 14. dxc5 Nxc5 15. Nbd4 Ba6 16. Qe3 Bxe2 17. Nxe2 {0-1 (49) Korneev,O (2580)-Bortnyk,O (2567) Tashkent 2017}) 9... b6 10. Bd2 Bb7 11. O-O {The position is equal.} c5 $146 ({Predecessor:} 11... O-O 12. Re1 c5 13. dxc5 Nxc5 14. Nxc5 bxc5 15. c3 Nc6 16. Qc2 g6 {0-1 (38) Estrada Nieto,J (2288)-Battaglini,G (2450) Cappelle-la-Grande 2016}) 12. dxc5 Nxc5 13. Nxc5 bxc5 14. c3 Nc6 15. Re1 Ba6 16. Bc2 Rb8 17. Rb1 Rb7 18. h3 $1 Qb8 19. Bc1 h6 20. Nh2 {[%cal Bf3h2,Bh2g4,Bg4e5,Be5f7][%mdl 32]} Nxe5 $2 (20... Kf8 $11) 21. Bf4 $16 Bd6 22. Bxe5 ({White must play} 22. Qh5 $1 $18) 22... Bxe5 $11 23. Ng4 $36 {[%mdl 2048] White has some pressure.} Bd6 24. Qxd5 $1 Rd7 25. Qh5 {Black must now prevent Rxe6+.} Kf8 (25... Ke7 $11) 26. Rbd1 $1 $16 Re7 $2 (26... Ke7 $16) 27. Ne5 $18 {Threatens to win with Nxf7!} Bb7 $2 {[#]} (27... Bc8 28. Nc6 Qc7) 28. Nxf7 $1 {[%mdl 512]} Rxf7 29. Rxe6 Be7 30. Bg6 Qf4 31. Bxf7 (31. Qxc5 $142 Qb8 32. Qxa5 Bf6 33. Qb6 Qa8 34. Bxf7 Kxf7 35. Rd7+ Kg6 36. Qc7) 31... Qxf7 32. Qe5 Bc8 {[%cal Bb7c8,Bc8f5,Bf5c2][%mdl 32]} 33. Rc6 Qf5 34. Qxf5+ $2 (34. Qe3 Bg5 35. g4 Bxe3 36. gxf5) 34... Bxf5 35. g4 ({White should try} 35. Ra6 $18 {Hoping for Ra8+.} Kf7 36. Rxa5) 35... Bc2 $16 36. Rd7 Kf7 37. Ra7 Bxa4 ({Black should play} 37... Rd8 $1 $14) 38. Rxc5 Rd8 39. Rcc7 Rd1+ 40. Kg2 Re1 41. b4 $1 Bb3 42. Rxa5 $2 ({Not} 42. bxa5 Bd5+ 43. Kg3 Rg1+ 44. Kf4 Re1 $16) (42. b5 $18 {and White stays clearly on top.}) 42... Ke6 $2 (42... Kg6 $16) 43. Ra6+ $18 Kd5 {[#]} 44. Rd7+ $2 (44. f3 $1 $18) 44... Kc4 $14 45. Rc6+ Kb5 46. Rcc7 Bf6 47. Rd6 (47. f4 $16) 47... Bc2 $11 48. Rd2 Be4+ 49. f3 Bb1 50. Rc5+ Ka4 $2 {[%mdl 8192] [#]} (50... Kb6 $16) 51. b5 $1 $18 {[%cal Bb4b5,Bb5b6][%mdl 32]} Re7 (51... Be7 $142) 52. b6 Rb7 53. Rb2 {Precision: White = 58%, Black = 31%.} 1-0

[Event "22nd Alekhine Master 2018"]
[Site "Voronezh"]
[Date "2018.06.16"]
[Round "5"]
[White "Golubov, Saveliy"]
[Black "Maghsoodloo, Parham"]
[Result "0-1"]
[WhiteElo "2493"]
[BlackElo "2638"]
[Annotator "TA"]
[PlyCount "88"]
[EventDate "2018.06.21"]
[EventType "swiss"]
[EventCountry "RUS"]
[SourceTitle "playchess.com"]
[Source "ChessBase"]
[SourceQuality "1"]

{[%evp 15,88,17,25,24,21,15,39,20,23,28,33,8,12,18,37,12,11,-143,-143,-145,-137,-151,-147,-143,-140,-155,-131,-123,-131,-141,-137,-156,-140,-138,-138,-138,-138,-161,-154,-250,-233,-266,-266,-314,-279,-453,-453,-605,-605,-595,-597,-597,-591,-578,-572,-563,-552,-1369,-1349,-1263,-1246,-1218,-1094,-1291,-1122,-2139,-2016,-2118,-1777,-2015,-1875,-1689,-772,-1449,-1428]} 1. e4 c5 2. Nf3 Nc6 3. d4 cxd4 4. Nxd4 Nf6 5. Nc3 d6 6. Be2 e5 7. Nf3 Be7 8. Bg5 {B58: Classical Sicilian: 6 Be2} (8. O-O O-O 9. Bg5 Be6 10. Bxf6 Bxf6 11. Nd5 Bg5 12. c4 g6 13. Qb3 Rb8 14. Rad1 f5 15. Nxg5 Qxg5 16. f4 exf4 17. Nxf4 Bf7 18. exf5 Qxf5 19. Nd5 {0-1 (43) Rodriguez Vila,A (2483)-Pichot,A (2565) Villa Martelli 2017}) 8... O-O {LiveBook: 14 Games} 9. Bxf6 Bxf6 10. Nd5 {The position is equal.} Bg5 11. O-O Bh6 12. Qd3 $146 ({Predecessor:} 12. Nd2 g6 13. Nc4 b5 14. Nce3 Rb8 15. Qd3 {0-1 (36) Henriques,S (2032)-Fernando,D (2257) Mondariz 2000}) 12... f5 13. Rad1 fxe4 14. Qxe4 Bf5 15. Qa4 Kh8 16. Bd3 $2 {[#]} (16. Rfe1 $11) 16... e4 $1 $36 {[%cal Re4d3][%mdl 2560] Black has strong initiative.} 17. Bxe4 b5 $1 {[%cal Rb5a4]} 18. Qxb5 Bxe4 19. Qxc6 Rxf3 $1 20. Rfe1 Rf4 21. g3 Rc8 22. Qxc8 Qxc8 23. Nxf4 Bf3 ({Weaker is} 23... Bxc2 24. Rc1 $11) 24. Rd3 Bxf4 25. Rxf3 Be5 26. c3 h5 {[%cal Bh7h5,Bh5h4][%mdl 32]} 27. Rf7 (27. Rfe3 $17 Qb7 28. R1e2) 27... a5 $19 28. a3 Qc4 29. Rf5 Qg4 30. Rfxe5 $2 (30. Rf8+ Kh7 31. Kg2) 30... dxe5 {Black is clearly winning.} 31. Rxe5 {[%mdl 4096] Endgame KQ-KR} h4 32. h3 Qd1+ 33. Kg2 hxg3 34. Kxg3 Qd6 35. f4 a4 36. c4 Qd3+ 37. Kg4 Qxc4 38. Re8+ Kh7 39. Rb8 Qe6+ 40. Kg3 Qe3+ 41. Kg4 g6 42. Rb4 Kh6 {White must now prevent ...Qf2.} 43. f5 Qg1+ (43... Qe2+ $142 44. Kf4 Qf2+ 45. Ke4 gxf5+ 46. Ke5 {[#]} f4 $1 {[%mdl 512]} 47. Rxf4 Qxb2+ 48. Kf5 Qxa3 49. Rh4+ Kg7 50. Rg4+ Kf7) 44. Kf4 Qf2+ {Precision: White = 42%, Black = 88%.} 0-1

[Event "22nd Alekhine Master 2018"]
[Site "Voronezh"]
[Date "2018.06.16"]
[Round "5"]
[White "Potapov, Pavel"]
[Black "Iljiushenok, Ilia"]
[Result "1-0"]
[WhiteElo "2491"]
[BlackElo "2530"]
[Annotator "TA"]
[PlyCount "111"]
[EventDate "2018.06.21"]
[EventType "swiss"]
[EventCountry "RUS"]
[SourceTitle "playchess.com"]
[Source "ChessBase"]
[SourceQuality "1"]

{[%evp 14,111,25,3,24,-4,5,5,10,-5,-10,-17,16,-41,-35,-23,-28,-25,0,-2,0,0,-16,-5,0,0,0,0,0,-16,-6,-45,-28,-12,0,0,0,0,0,0,0,0,0,0,0,0,10,14,44,0,0,0,0,0,63,27,217,207,214,222,211,187,190,187,187,187,273,202,364,372,404,359,580,561,537,468,928,943,922,913,904,589,937,869,1599,1504,1583,1556,1366,1461,1405,1268,1133,1024,4232,4501,29959,29962,5110,4622]} 1. e4 e5 2. Nf3 Nc6 3. Bb5 Nf6 4. d3 Bc5 5. Bxc6 dxc6 6. Nbd2 {C65: Ruy Lopez: Berlin Defence (3...Nf6), unusual lines and 4 0-0 Bc5} (6. O-O Qe7 7. h3 Rg8 8. Kh1 Nh5 9. c3 g5 10. Nxe5 g4 11. d4 Bd6 12. g3 Bxe5 13. dxe5 Qxe5 {0-1 (27) Aronian,L (2794)-Kramnik,V (2800) Berlin 2018}) 6... Be6 7. O-O Nd7 8. b3 {LiveBook: 4 Games. White has an edge.} Qe7 9. Bb2 f6 10. c3 $146 ({Predecessor:} 10. a4 O-O-O 11. Nc4 g5 12. Qe2 Nf8 13. d4 exd4 {0-1 (36) Cerbulenco,L (2185)-Huber,M (2282) Iasi 2014}) 10... Bd6 11. d4 O-O-O 12. Re1 g5 13. Nf1 (13. Nc4 $11) 13... h5 $15 14. Ne3 Qh7 15. Qc2 h4 16. h3 g4 17. hxg4 Rdg8 18. Nh2 $1 exd4 19. cxd4 Bxh2+ 20. Kxh2 Bxg4 {Threatens to win with ...Qh6.} 21. f4 {[%cal Bf2f4,Bf4f5][%mdl 32]} Qg6 {Hoping for ...Bf3!} 22. f5 Qg5 23. Qf2 $1 Re8 24. Nxg4 Qxg4 25. Qf3 $36 {[%mdl 2048] White is pushing.} Qg7 26. Re2 Reg8 27. Rae1 Nb6 28. a4 a5 ({Much worse is} 28... h3 $6 29. gxh3 Qe7 30. Rg1 $16) 29. Bc3 Qh7 {...Rg3 is the strong threat.} 30. Bxa5 Rg3 $1 {[%cal Rg3f3]} 31. Qf4 Rhg8 $1 32. Bxb6 cxb6 33. e5 Qg7 (33... R8g4 $11 34. Qf1 Kb8) 34. Qf1 Kb8 $2 (34... h3 $11 {and Black has nothing to worry.} 35. gxh3 Rxb3) 35. exf6 $18 Qxf6 {[#]} 36. Re8+ $1 Ka7 37. Rxg8 Rxg8 {[%mdl 4096] Endgame [#] KQR-KQR} 38. Qf4 $1 Qf7 39. Re3 Qd5 (39... Qg7 $142 40. Re2 Qf6) 40. Qe4 {And now Qxd5 would win.} Qd6+ $2 (40... Qf7 41. Qf4 Qf6) 41. Qe5 Qh6 42. a5 Qg5 $2 (42... Ka6 43. axb6 Qg5) 43. axb6+ Kxb6 {[%csl Gg8][%cal Rg5g2]} 44. Re2 Qg4 (44... Qg3+ $142 45. Qxg3 hxg3+ 46. Kh3 Rg5) 45. b4 {[%csl Gb4][%cal Re5a5]} Qg3+ 46. Qxg3 hxg3+ {KR-KR} 47. Kh3 Kb5 48. Re7 Kxb4 49. Rxb7+ Kc4 50. Rd7 Rf8 51. Kg4 Kd3 52. Kf4 Ke2 53. Rg7 Rd8 54. Rxg3 Rxd4+ 55. Ke5 Rd8 56. Rc3 {Precision: White = 67%, Black = 36%.} 1-0

[Event "22nd Alekhine Master 2018"]
[Site "Voronezh"]
[Date "2018.06.16"]
[Round "5"]
[White "Kozionov, Kirill"]
[Black "Tiviakov, Sergei"]
[Result "1/2-1/2"]
[WhiteElo "2456"]
[BlackElo "2580"]
[Annotator "TA"]
[PlyCount "108"]
[EventDate "2018.06.21"]
[EventType "swiss"]
[EventCountry "RUS"]
[SourceTitle "playchess.com"]
[Source "ChessBase"]
[SourceQuality "1"]

{[%evp 16,108,27,8,13,6,6,2,15,14,25,-2,0,-29,0,0,0,0,0,0,0,0,0,0,0,-6,-10,-25,-17,-11,0,0,0,0,0,0,0,0,0,0,0,0,0,0,0,0,0,0,0,0,0,-13,0,-2,0,0,0,-8,-8,-8,-8,-9,0,0,0,0,0,0,0,0,0,0,0,0,0,0,0,0,0,0,0,0,0,0,0,0,0,0,0,0,0,0,0,0,0]} 1. d4 Nf6 2. c4 e6 3. Nf3 b6 4. g3 Ba6 5. Qa4 Bb7 6. Bg2 g6 {E15: Queen's Indian: 4 g3 sidelines, 4 g3 Ba6 and 4 g3 Bb7 early deviations} (6... c5 7. dxc5 bxc5 8. O-O Be7 9. Nc3 O-O 10. Rd1 Qb6 11. Bf4 d6 12. Rab1 Nbd7 13. b4 Rfb8 14. a3 h6 15. h3 a6 16. Qa5 Qxa5 17. bxa5 Ne8 18. Ne5 Nxe5 19. Bxb7 Nxc4 20. Bxa8 Rxa8 {0-1 (49) Xu,Y (2545)-Jakovenko,D (2732) China 2018}) 7. O-O Bg7 8. Bf4 O-O 9. Qc2 {LiveBook: 3 Games} Na6 10. Nc3 d5 11. cxd5 exd5 12. Rfd1 Qe7 13. Nb5 $146 ({Predecessor:} 13. a3 c5 14. Rac1 {½-½ (35) Ledger,A (2392)-Palac,M (2591) Skopje 2015}) 13... Ne4 14. Rac1 {[%cal Rb5c7]} c6 (14... g5 $5 {[%cal Rg5f4]} 15. Be3 (15. Bxc7 Rac8 $11) 15... f5 $11) 15. Nc3 c5 16. dxc5 {[#] And now c6 would win.} Nxc3 17. bxc3 {Bd6 is the strong threat.} Nxc5 18. c4 Rad8 19. Bg5 Bf6 20. Bxf6 Qxf6 21. Nd4 dxc4 22. Qxc4 {The position is equal.} Bxg2 23. Kxg2 Rfe8 24. e3 h5 25. h4 Re5 26. Qe2 Red5 27. Rc2 R8d7 28. Qf3 Kg7 29. Qxf6+ Kxf6 30. Rb1 Ne6 31. Nxe6 Kxe6 $11 {[%mdl 4096] Endgame KRR-KRR} 32. Rbb2 Kd6 33. Kf3 Rc7 34. Rxc7 Kxc7 {KR-KR} 35. e4 Rc5 36. Ke3 b5 37. f3 a5 38. g4 b4 39. Kd4 Kc6 40. e5 Kb5 41. a4+ Kc6 42. gxh5 {[#] Hoping for h6.} gxh5 43. f4 Rc3 44. f5 Rh3 45. Rc2+ Kd7 46. Kd5 Rxh4 47. Rc5 b3 48. Rxa5 Rb4 {White must now prevent ...b2.} 49. e6+ fxe6+ (49... Ke7 $5 50. Ra7+ $8 Ke8 51. Ra8+ Ke7 52. Ra7+ Ke8 53. Ra8+ Ke7 54. Ra7+ $11) 50. fxe6+ Kd8 (50... Ke8 $5 51. Ra8+ $8 Ke7 52. Ra7+ Kd8 53. Ra8+ Ke7 54. Ra7+ Kd8 55. Ra8+ Ke7 $11) 51. Ra8+ Ke7 52. Ra7+ Kd8 53. Ra8+ Ke7 54. Ra7+ Kd8 {Precision: White = 84%, Black = 67%.} 1/2-1/2

[Event "22nd Alekhine Master 2018"]
[Site "Voronezh"]
[Date "2018.06.16"]
[Round "5"]
[White "Sindarov, Javokhir"]
[Black "Popov, Ivan"]
[Result "1/2-1/2"]
[WhiteElo "2449"]
[BlackElo "2608"]
[Annotator "TA"]
[PlyCount "47"]
[EventDate "2018.06.21"]
[EventType "swiss"]
[EventCountry "RUS"]
[SourceTitle "playchess.com"]
[Source "ChessBase"]
[SourceQuality "1"]

{[%evp 24,47,24,9,13,22,35,0,10,0,27,0,64,37,42,41,48,52,61,0,10,0,60,0,18,0]} 1. e4 c6 2. d4 d5 3. exd5 cxd5 4. c4 Nf6 5. Nc3 e6 6. Nf3 Bb4 7. Bd3 dxc4 8. Bxc4 O-O 9. O-O b6 10. a3 Bxc3 11. bxc3 Bb7 12. Bd3 Nbd7 13. Re1 Qc7 {E55: Nimzo-Indian: Rubinstein: Main Line: 7...dxc4 8 Bxc4 Nbd7} (13... Re8 14. Bg5 Qc7 15. c4 Rac8 16. Ne5 Nxe5 17. dxe5 Nd7 18. Qh5 Nf8 19. Re3 Qc6 20. Rg3 Rc7 21. Bxh7+ Nxh7 22. Bf6 Qxc4 23. Rxg7+ Kf8 24. Qh6 Rec8 25. Rg8+ {1-0 (25) Korobov,A (2684)-Macieja,B (2636) Warsaw 2010}) 14. c4 Ba6 15. Qa4 Bb7 16. Qd1 Rfd8 17. Bb2 Nf8 $146 (17... Qf4 $11) ({Predecessor:} 17... Qf4 18. Be2 Rac8 19. Qb3 h6 20. a4 Ne4 21. a5 Ng5 22. Nxg5 Qxg5 23. Bf1 Bc6 24. Re3 b5 25. d5 {1-0 (23) Sertic,R (2374)-Tancik,K (2287) Subotica 2012}) 18. Rc1 Ng6 19. Ne5 Nf4 20. Bf1 Ng6 21. Bd3 ({White should play} 21. d5 $14) 21... Nf4 $11 22. Bf1 Ng6 $1 23. Bd3 (23. d5 $5) 23... Nf4 24. Bf1 {Precision: White = 28%, Black = 44%.} 1/2-1/2

[Event "22nd Alekhine Master 2018"]
[Site "Voronezh"]
[Date "2018.06.16"]
[Round "5"]
[White "Akash Pc, Iyer"]
[Black "Chigaev, Maksim"]
[Result "1/2-1/2"]
[WhiteElo "2435"]
[BlackElo "2577"]
[Annotator "TA"]
[PlyCount "81"]
[EventDate "2018.06.21"]
[EventType "swiss"]
[EventCountry "RUS"]
[SourceTitle "playchess.com"]
[Source "ChessBase"]
[SourceQuality "1"]

{[%evp 21,81,20,43,45,100,106,80,17,44,32,32,33,50,49,45,33,65,66,69,25,51,39,57,42,46,44,43,32,39,25,35,25,25,25,27,27,27,25,25,25,25,25,25,25,25,0,32,0,25,0,32,0,32,0,32,0,32,0,32,0,29,0]} 1. d4 Nf6 2. c4 g6 3. Nc3 Bg7 4. e4 d6 5. Nge2 O-O 6. Ng3 e5 7. d5 a5 8. Be2 Na6 9. h4 h5 10. Bg5 Qe8 11. Qd2 Kh7 12. Nf1 {E70: King's Indian: Miscellaneous lines with 4 e4, including 5 Nge2 and 5 Bd3 0-0 6 Nge2} (12. f3 Ng8 13. Nb5 b6 14. a3 Bd7 15. b4 f6 16. Be3 f5 17. exf5 gxf5 18. Bg5 e4 19. Rb1 exf3 20. gxf3 axb4 21. axb4 Bxb5 22. cxb5 {1-0 (35) Aronian,L (2794)-Naiditsch,A (2701) Karlsruhe/Baden-Baden 2018}) 12... Ng4 (12... Kg8 $14) 13. f3 $16 Nh6 $146 {[%cal Bg4h6,Bh6g8,Bg8f6,Bf6d7,Bd7c5][%mdl 32]} 14. O-O-O ({White should play} 14. g4 $16) 14... f6 15. Be3 f5 16. Bd3 f4 17. Bf2 Ng8 18. Qe2 Nf6 19. Nd2 {[%cal Bf1d2,Bd2b3,Bb3a1,Ba1c2,Bc2a3,Ba3b5][%mdl 32]} Nd7 20. Nb3 b6 21. Nb5 Qe7 22. Kb1 a4 23. Na1 Ndc5 24. Nc2 Bd7 25. Nca3 Rfc8 26. Qd2 Nxd3 27. Qxd3 Nc5 28. Qc2 Bf6 29. Nc3 Rg8 30. Nab5 Be8 31. Rdg1 Rg7 32. Ne2 Ra5 33. Nec3 Ra8 34. Ne2 Ra5 35. Nec3 Ra8 36. Ne2 Ra5 37. Nec3 Ra8 38. Ne2 Ra5 39. Nec3 Ra8 40. Ne2 Ra5 41. Nec3 {Precision: White = 28%, Black = 68%.} 1/2-1/2

[Event "22nd Alekhine Master 2018"]
[Site "Voronezh"]
[Date "2018.06.16"]
[Round "5"]
[White "Dzhumaev, Marat"]
[Black "Triapishko, Alexandr"]
[Result "1-0"]
[WhiteElo "2434"]
[BlackElo "2513"]
[Annotator "TA"]
[PlyCount "91"]
[EventDate "2018.06.21"]
[EventType "swiss"]
[EventCountry "RUS"]
[SourceTitle "playchess.com"]
[Source "ChessBase"]
[SourceQuality "1"]

{[%evp 18,91,33,27,51,44,83,66,84,41,49,38,44,14,11,4,4,0,25,-42,-9,-8,-6,-41,-51,-55,-63,-91,-100,-95,-79,-78,8,-122,-103,-125,-112,-196,-189,-189,-174,-179,-186,-177,-215,-231,-126,-119,-115,-120,0,0,0,-158,-20,-21,-21,-25,-18,-26,280,281,446,446,445,435,427,418,855,848,847,845,811,811,750,712]} 1. e4 c6 2. d4 d5 3. e5 Bf5 4. Nf3 e6 5. Be2 Ne7 6. O-O Nd7 7. Nbd2 h6 {B12: Caro-Kann (Vorstoß-Variante)} (7... c5 8. dxc5 Nc6 9. Nb3 Bxc5 10. Nxc5 Nxc5 11. Nd4 Bg6 12. Nxc6 bxc6 13. Be3 Nd7 14. f4 c5 15. c4 d4 {0-1 (38) Vachier Lagrave,M (2789)-Mamedyarov,S (2808) Stavanger 2018}) 8. Nb3 g5 9. a4 a5 10. Ne1 {LiveBook: 6 Partien} Bg7 11. f4 gxf4 $146 ({Vorgänger:} 11... Ng6 12. Bd3 g4 13. Bxf5 exf5 14. Qd3 Ne7 15. g3 {½-½ (33) Hauenstein,H (2384)-Szymanski,R (2407) ICCF email 2016}) 12. Bxf4 O-O 13. Bd3 f6 14. exf6 Nxf6 15. Nf3 Ng6 {Und ...Lxd3 würde nun gewinnen.} 16. Bg3 Ne4 17. c3 b6 18. Qc2 (18. Bxe4 $11 Bxe4 19. Qe2) 18... Nxg3 (18... c5 $5 {[%cal Rc5c4]} 19. Nbd2 Nxg3 20. hxg3 Ne7 $15) 19. hxg3 Qd6 {...Lxd3 ist eine echte Drohung.} 20. g4 Bxd3 21. Qxd3 Rf6 22. g5 Nf4 23. Qe3 hxg5 {zielt auf ...Sh3+! ab.} 24. Ne5 Rf5 (24... Raf8 $1 $17) 25. Ng4 (25. g3 $1 $11) 25... Raf8 $17 26. Rae1 {[#]} c5 $1 {[%mdl 512]} 27. Nd2 (27. g3 $17 Nh5 28. Ne5) (27. dxc5 bxc5) 27... cxd4 $19 28. cxd4 Qb4 29. Nf3 {[%cal Bd2f3,Bf3e5,Be5d3][%mdl 32]} Qxb2 {[%csl Gf4][%cal Rb2g2]} ({Keinesfalls} 29... Qxa4 30. g3 $15) 30. Rf2 Qb4 31. Nfe5 Rc8 (31... Qxa4 $19 32. Rb2 Ng6 $1 {[%mdl 512]} 33. Nh6+ Bxh6 34. Nxg6 Re8) 32. Nd3 $17 Qd6 33. Nde5 Rff8 (33... Qe7 $17 34. Rb2 Qc7) 34. Rb2 $1 $11 Rf5 35. g3 $2 {[#]} ({Günstiger ist} 35. Rf2 $11) 35... Nh5 (35... Ng6 $1 $17 {[%mdl 512]} 36. Nxg6 Bxd4 37. Ne7+ (37. Qxd4 $2 Qxg3+ 38. Rg2 Qxe1+ $19) 37... Kf7 38. Nh6+ Ke8 39. Nhxf5 Bxe3+ 40. Rxe3 Qc5 41. Nxc8 Qc1+ 42. Kf2 Qxb2+ 43. Re2 Qb4 44. Nfd6+ Kd7) 36. Rh2 Nf6 37. Nh6+ Bxh6 $1 38. Rxh6 Ne4 $2 {[%mdl 8192]} (38... Qb4 $11 39. Nd3 Qe7 40. Rg6+ Kh8 41. Rxg5 Ne4 42. Rxf5 exf5 43. Qh6+ Qh7) 39. g4 $18 {Beabsichtigt Dh3 und Matt.} Rc3 (39... Rxe5 $142 40. Qh3 Rf5 $1 {[%mdl 512]} 41. gxf5 Qg3+ 42. Qxg3 Nxg3 43. Rexe6 Nxf5) 40. Qxc3 $1 Nxc3 41. gxf5 {Droht f6 und aus.} Qb4 {[#] Droht stark ...Se4.} 42. f6 $1 {[%cal Rf6f7]} Ne4 (42... Qxd4+ $142 43. Kh1 Qf2 44. f7+ Kf8 45. Rh8+ Kg7 46. f8=Q+ Qxf8 47. Rxf8 Kxf8) 43. f7+ {Weiß steht klar auf Gewinn.} Kg7 44. Rg6+ Kh7 {[#]} 45. f8=N+ $1 {[%mdl 512]} Qxf8 46. Re2 {Precision: Weiß = 61%, Schwarz = 34%.} 1-0

[Event "22nd Alekhine Master 2018"]
[Site "Voronezh"]
[Date "2018.06.18"]
[Round "6"]
[White "Maghsoodloo, Parham"]
[Black "Potapov, Pavel"]
[Result "*"]
[WhiteElo "2638"]
[BlackElo "2491"]
[Annotator "TA"]
[PlyCount "30"]
[EventDate "2018.06.21"]
[EventType "swiss"]
[EventCountry "RUS"]
[SourceTitle "playchess.com"]
[Source "ChessBase"]
[SourceQuality "1"]

{[%evp 10,11,46,34]} 1. Nf3 g6 2. e4 Bg7 3. d4 d6 4. Bc4 c6 5. Bb3 Nf6 6. Qe2 {LiveBook: 184 Games} {Predecessor:} O-O $146 7. O-O a5 8. a3 Bg4 9. Nbd2 Nbd7 10. h3 Bxf3 11. Nxf3 e5 12. dxe5 dxe5 13. c3 Nc5 14. Bc2 a4 15. Nxe5 Re8 {1-0 (27) Carlsen,M (2853)-Nakamura,H (2787) chess.com INT 2016} *

[Event "22nd Alekhine Master 2018"]
[Site "Voronezh"]
[Date "2018.06.18"]
[Round "6"]
[White "Popov, Ivan"]
[Black "Gabrielian, Artur"]
[Result "1/2-1/2"]
[WhiteElo "2608"]
[BlackElo "2506"]
[Annotator "TA"]
[PlyCount "24"]
[EventDate "2018.06.21"]
[EventType "swiss"]
[EventCountry "RUS"]
[SourceTitle "playchess.com"]
[Source "ChessBase"]
[SourceQuality "1"]

{[%evp 13,24,47,67,40,62,-1,7,0,0,0,16,0,86]} 1. e4 g6 2. d4 Bg7 3. Nc3 d6 4. Be3 c6 5. Qd2 b5 6. Bd3 Nf6 7. Bh6 {B07: Pirc-Ufimzew-Verteidigung} O-O {LiveBook: 9 Partien} 8. h4 e5 9. Nce2 (9. Bxg7 $14 Kxg7 10. dxe5 dxe5 11. Qg5) 9... c5 {[#] Und weiter mit ...Lxh6 wäre nett.Die Stellung ist ausgeglichen.} 10. Bxg7 Kxg7 11. c3 $1 {[%cal Bc2c3,Bc3d4][%mdl 32]} cxd4 12. cxd4 d5 (12... a6 $11) 1/2-1/2

[Event "22nd Alekhine Master 2018"]
[Site "Voronezh"]
[Date "2018.06.18"]
[Round "6"]
[White "Tiviakov, Sergei"]
[Black "Akash Pc, Iyer"]
[Result "1/2-1/2"]
[WhiteElo "2580"]
[BlackElo "2435"]
[Annotator "TA"]
[PlyCount "91"]
[EventDate "2018.06.21"]
[EventType "swiss"]
[EventCountry "RUS"]
[SourceTitle "playchess.com"]
[Source "ChessBase"]
[SourceQuality "1"]

{[%evp 19,91,25,34,16,27,12,14,20,27,2,41,20,25,-20,11,0,0,0,0,-2,0,-41,-29,-74,-31,-53,-64,-48,-48,-85,-87,-72,-13,-8,0,0,12,0,0,-105,-113,-191,-191,-267,-236,-243,-256,-241,-137,-141,-83,-106,-107,-159,-163,-231,-200,-211,-199,-195,-121,-114,-132,-100,0,0,0,0,0,0,0,0,0,0]} 1. e4 e5 2. Nf3 Nc6 3. Bb5 {[%cal Bf1b5,Bb5a4,Ba4b3][%mdl 32]} a6 4. Ba4 Nf6 5. d3 b5 6. Bb3 Bc5 7. c3 d6 8. O-O O-O 9. Bg5 {C78: Ruy Lopez: Archangelsk and Möller Defences} h6 10. Bh4 Bb6 {LiveBook: 4 Games} 11. Nbd2 {White is slightly better.} Be6 12. Bc2 g5 13. Bg3 Kh8 14. Nb3 Qe7 (14... g4 $5 {[%cal Rg4f3]} 15. Nh4 Nh5 $11) 15. d4 Bg4 16. Re1 Nh5 17. h3 Bxf3 $1 18. Qxf3 Nxg3 19. Rad1 a5 {[%cal Ba6a5,Ba5a4][%mdl 32]} 20. Qxg3 (20. d5 $5 {[%cal Rd5c6]} f5 21. Qxg3 (21. exf5 Nxf5 22. Bxf5 Qf7 $17) 21... fxe4 22. Re2 $11) 20... a4 21. Nc1 a3 22. d5 axb2 23. Nd3 Nb8 24. Bb1 Ra3 25. Nxb2 b4 ({Black should play} 25... Nd7 $17) 26. Rd3 f5 27. exf5 Rxf5 28. Re2 e4 $36 {[%mdl 2048] Strongly threatening ...Rxf2. Black fights for an advantage.} 29. Nd1 (29. Nc4 $11 {keeps the balance.} Rxf2 30. Rxf2 exd3 31. Nxb6 Rxc3 32. Bxd3 cxb6 33. Qf3) 29... Re5 $1 $17 30. Rdd2 (30. Rde3 $17) 30... Nd7 $19 31. Rb2 (31. Ne3 $142) 31... bxc3 $1 (31... Rxd5 32. Re1 $17) 32. Rb3 Rxb3 $1 (32... Rxd5 33. Nxc3 Rxb3 34. axb3 $15) 33. axb3 Nf6 (33... Rxd5 34. Nxc3 Re5 35. Rxe4 $15) ({Better is} 33... Bd4 $1 $19 34. Ne3 Nf6) 34. Nxc3 $17 e3 ({Reject} 34... Nxd5 $6 35. Nxd5 Rxd5 36. Bxe4 $11) (34... Bd4 $142 {Hoping for ...e3.} 35. Nb5 Bc5) 35. fxe3 Bxe3+ {[%cal Bb6e3,Be3f4,Bf4e5,Be5d4][%mdl 32]} 36. Kh1 (36. Kf1 $142) 36... Nh5 $1 {[%cal Rh5g3]} 37. Qg4 (37. Qf3 {was worth a try.} g4 38. Qxg4) 37... Qf7 $19 38. Kh2 Bf4+ $1 39. Kg1 {[#]} Ng3 (39... c6 $1 $19 {[%mdl 512]} 40. Nd1 (40. dxc6 Qa7+) 40... cxd5 41. Rxe5 dxe5) 40. Rxe5 $17 Bxe5 41. Bd3 h5 ({Black should try} 41... c6 $17 {( -> ...Qa7+)} 42. Ne4 Qa7+ 43. Nf2 cxd5) 42. Qxg5 {The position is equal.} Bd4+ 43. Kh2 Bxc3 44. Qd8+ ({Don't blunder} 44. Kxg3 $2 Be5+ 45. Kh4 Bf6 $19) 44... Kg7 45. Qg5+ Kh8 {...Be5 is the strong threat.} 46. Qd8+ {Precision: White = 36%, Black = 57%.} ({Don't go for} 46. Kxg3 $2 Be5+ 47. Kh4 Bf6 $19) 1/2-1/2